=LDR 00000nam 2200000 4500 =001 NUTBA000000000005362 =990 ##$$a 21415442x =005 20141028151102.0 =990 ##$$a 21415438 =006 =990 ##$$a 21415439 =007 =990 ##$$a 21415440 =008 =990 ##$$a 21415441 =020 ##$$a 978-979-25-4910-2 =035 ##$$a 0010-101400000000592 =040 ##$$a NBPDMAT =082 ##$$a 959.8 =090 ##$$a 959.8 $b Nur s =100 ##$$a Nurani Sayomukh =245 ##$$a Soekarno dan cina / $c oleh Nurani Soyamukh =250 ##$$a Cet. 1 =260 ##$$a Yogyakarta : $b Garasi, $c 2012 =300 ##$$a 330 hlm. ; $c 21 cm. =500 ##$$a Bibliografi : hlm. 305-313 =650 ##$$a Indonesia-Sejarah